Littérature française - Statistiques

Statistiques générales
  • Ce quiz a été pris 329 fois
  • Le résultat moyen est 23 sur 38
Statistiques - réponses
Hint Réponse % Correct
L'Etranger Albert Camus
97%
Les Misérables Victor Hugo
97%
Les Fleurs du Mal Charles Baudelaire
94%
Fables Jean de La Fontaine
93%
Le Rouge et le Noir Stendhal
93%
Les Trois Mousquetaires Alexandre Dumas (père)
92%
Candide Voltaire
90%
Bel-ami Guy de Maupassant
89%
Le Tartuffe Molière
89%
Le Cid Pierre Corneille
89%
A la recherche du temps perdu Marcel Proust
85%
Gargantua François Rabelais
82%
Les Rougon-Macquart Emile Zola
80%
Du contrat social Jean-Jacques Rousseau
80%
Phèdre Jean Racine
80%
Alcools Guillaume Apollinaire
68%
La Comédie humaine Honoré de Balzac
68%
Essais Montaigne
67%
L'éducation sentimentale Gustave Flaubert
66%
Déclaration des droits de la femme et de la citoyenne Olympe de Gouges
66%
La promesse de l'aube Romain Gary
64%
La Princesse de Clèves Madame de La Fayette
60%
Mémoires d'Hadrien Marguerite Yourcenar
55%
Le Barbier de Séville Beaumarchais
52%
Huis clos Jean-Paul Sartre
52%
De l'esprit des lois Montesquieu
52%
Jacques le fataliste Denis Diderot
50%
Une saison en enfer Arthur Rimbaud
43%
L'île des esclaves Marivaux
42%
Discours de la servitude volontaire Étienne de La Boétie
35%
Les Regrets Joachim du Bellay
29%
Indiana George Sand
26%
Gigi Colette
21%
La femme gelée Annie Ernaux
19%
Les Amours Pierre de Ronsard
19%
Pour un oui ou pour un non Nathalie Sarraute
16%
Les Provinciales Blaise Pascal
12%
Le Crève-cœur Louis Aragon
7%
Aucun quiz correspondant
Distribution des résultats
% des personnes avec chaque résultat
Percentile par nombre de réponses
Votre historique - résultats
Vous n’avez pas pris ce quiz